| 000 | 00512nam a2200157 i 4500 | ||
|---|---|---|---|
| 001 | 99220 | ||
| 003 | ES-MaACL | ||
| 005 | 20230906182448.0 | ||
| 007 | t| | ||
| 008 | 050902s1913 sp ||||1| spa d | ||
| 100 | 1 |
_aMartín Eztala, Federico. _977486 |
|
| 245 | 1 | 0 |
_aTaquigrafía _b: reglas y ejercicios graduados para el estudio de este arte / _cFederico Martín Eztala. |
| 260 |
_aMadrid : _b[s.n.], _c1913 ( _fImp. de Hijos de Nicolás Moya) |
||
| 300 |
_aVIII, 212 p. ; _c25 cm. |
||
| 852 |
_aES-MaACL _jF-11070 |
||
| 999 |
_c99220 _d99220 |
||